000 00213nam a2200097Ia 4500
008 190216s9999||||xx |||||||||||||| ||und||
100 _aPonkunnam Varkey
245 0 _aDaham
260 _bCurrent Books
942 _cBK
999 _c23529
_d23529